000 00735nam a2200265Ia 4500
003 OSt
005 20221006150937.0
006 a|||||r|||| 00| 0
007 ta
008 221006b |||||||| |||| 00| 0 jpn d
020 _c¥6200
024 _a20,297
037 _bGift, Japan Foundation
_cTextual
040 _aEASL
_cEASL
_bjpn
041 _2jpn
_ajpn
082 _aX..42p1.N79, M1
100 _aNAKAMURA Hide Ed.
_9657990
245 0 _aSen kankino Nihon keizai bunseki
260 _aTokyo
_bYamakawa Shuppansha Japan
_c1981
300 _a425p.
_ccm.
490 _v JL
650 _aJL
942 _hX..42p1.N79, M1
_cTEXL
_2CC
999 _c1088383
_d1088383